| 000 | 00497cam a2200193ua 4500 | ||
|---|---|---|---|
| 001 | 3915 | ||
| 005 | 20260515113743.0 | ||
| 008 | 111208n ii |||gr||||Z||||||asm | ||
| 040 | _cMAIN | ||
| 082 | _a891.4511 | ||
| 100 | 1 | _aBora, Hem, | |
| 245 | 1 | 1 |
_aAsamiya kabita aru janadiak pradhan kabi _cby Hem Bora |
| 250 | _a1st. | ||
| 260 |
_aGuwahati: _bStudents stores,992. |
||
| 300 |
_a119p: _c23cm. |
||
| 653 | _aAssamese poem | ||
| 653 | _aAsamiya kabita aru janadiak pradhan kabi | ||
| 942 | _cBK | ||
| 999 |
_c3735 _d3735 |
||